[Event "SUI-ch Blitz"]
[Site "Biel"]
[Date "2023.07.29"]
[Round "9"]
[White "Matsuo, Tom"]
[Black "Schmid, Pablo"]
[Result "0-1"]
[WhiteElo "1709"]
[BlackElo "2129"]
[PlyCount "96"]
[EventDate "2023.07.29"]
[EventType "swiss (blitz)"]
[EventRounds "13"]
[EventCountry "SUI"]
[SourceTitle "CBM 215 Extra"]
[Source "ChessBase"]
[SourceDate "2023.09.30"]
[SourceVersion "1"]
[SourceVersionDate "2023.09.30"]
[SourceQuality "1"]

1. e4 e5 2. Nc3 Nf6 3. g3 Bc5 4. Bg2 d6 5. h3 a6 6. Nge2 Nc6 7. d3 h6 8. 0-0 Be6 9. Kh2 g5 10. Be3 Nd4 11. Bxd4 exd4 12. Na4 Ba7 13. b3 b5 14. Nb2 Rb8 15. f4 Bd7 16. a4 Bb6 17. Qd2 Nh5 18. e5 gxf4 19. g4 Ng3 20. Nxg3 fxg3+ 21. Kxg3 dxe5 22. Rae1 f6 23. Be4 c6 24. Qf2 Rf8 25. Kh2 Bc7 26. Qh4 Qe7 27. Qxh6 Bd6 28. Rf3 Kd8 29. Ref1 Kc7 30. Qd2 Bb4 31. Qd1 Bc3 32. Qc1 Qg7 33. Bf5 Be8 34. Nd1 Bb4 35. axb5 axb5 36. Qa1 Bf7 37. Be4 Ra8 38. Qc1 Qh8 39. Nf2 Be6 40. Rg3 Rg8 41. Bf5 Bd5 42. Nh1 Bc3 43. Qd1 Ra2 44. Qe2 Rga8 45. Rf2 Ra1 46. Rg1 Rxg1 47. Kxg1 Qxh3 48. Rh2 Ra1+ 0-1

[Event "Geneve Bois Gentil op"]
[Site "Geneve"]
[Date "2020.02.21"]
[Round "5"]
[White "Koroteeva, Ksenia"]
[Black "Schmid, Pablo"]
[Result "0-1"]
[WhiteElo "1981"]
[BlackElo "2204"]
[PlyCount "104"]
[EventDate "2020.01.10"]
[EventType "swiss"]
[EventRounds "7"]
[EventCountry "SUI"]
[SourceTitle "CBM 195 Extra"]
[Source "ChessBase"]
[SourceDate "2020.05.31"]
[SourceVersion "1"]
[SourceVersionDate "2020.05.31"]
[SourceQuality "1"]

1. e4 d6 2. d4 g6 3. Nf3 c6 4. Bc4 d5 5. exd5 cxd5 6. Bd3 Nc6 7. c3 Qc7 8. 0-0 Bg7 9. a4 Nf6 10. Na3 a6 11. h3 0-0 12. Nc2 Nh5 13. Re1 Nf4 14. Bf1 Rd8 15. Ne5 Nh5 16. Nd3 Bf5 17. Be2 Bxd3 18. Qxd3 Nf4 19. Bxf4 Qxf4 20. Rad1 Qh4 21. Qe3 Bh6 22. Qd3 e5 23. dxe5 Qxa4 24. Bg4 Bg7 25. e6 f5 26. Bxf5 gxf5 27. Qxf5 Rf8 28. Qd3 Ne7 29. Nd4 Qe8 30. Re3 Qg6 31. Qe2 Kh8 32. Nf3 Qh5 33. Qf1 Rg8 34. Qe1 Raf8 35. Nd4 Bh6 36. Rg3 Rxg3 37. fxg3 Bg7 38. g4 Qe5 39. Qxe5 Bxe5 40. Nf3 Bf4 41. g5 Rg8 42. h4 Be3+ 43. Kf1 Rg6 44. Nd4 Bxd4 45. Rxd4 Rxe6 46. Rb4 b5 47. g3 Re4 48. Rb3 Ra4 49. Kf2 Nc6 50. Ke3 Na5 51. Rb4 Rxb4 52. cxb4 Nc6 0-1

[Event "Geneve Bois Gentil op"]
[Site "Geneve"]
[Date "2020.01.31"]
[Round "3"]
[White "Amos, Leo"]
[Black "Schmid, Pablo"]
[Result "0-1"]
[WhiteElo "1802"]
[BlackElo "2204"]
[PlyCount "100"]
[EventDate "2020.01.10"]
[EventType "swiss"]
[EventRounds "7"]
[EventCountry "SUI"]
[SourceTitle "CBM 195 Extra"]
[Source "ChessBase"]
[SourceDate "2020.05.31"]
[SourceVersion "1"]
[SourceVersionDate "2020.05.31"]
[SourceQuality "1"]

1. e4 c5 2. Nf3 Nc6 3. d4 cxd4 4. Nxd4 g6 5. c4 Nf6 6. Nc3 d6 7. f3 Bg7 8. Be3 0-0 9. Be2 Nxd4 10. Bxd4 Qa5 11. 0-0 Be6 12. Nd5 Nxd5 13. cxd5 Bd7 14. Bxg7 Kxg7 15. Qd4+ Kg8 16. b4 Qb6 17. Qf2 Rfc8 18. Qxb6 axb6 19. Rf2 Ra4 20. a3 Rc3 21. Rff1 Kf8 22. Rfc1 Raxa3 23. Rxc3 Rxa1+ 24. Kf2 Ke8 25. Rc7 Ra7 26. Ke3 Kd8 27. Rc3 Ra2 28. Rd3 Rb2 29. Rd4 Ba4 30. f4 b5 31. g4 Kc7 32. h4 Kb6 33. e5 Bc2 34. Rd2 Rb3+ 35. Kf2 Rc3 36. Bf3 Bd3 37. exd6 exd6 38. Rd1 Bc4 39. Re1 Kc7 40. Re3 Rc2+ 41. Ke1 Kd8 42. h5 Rb2 43. hxg6 hxg6 44. Ra3 Rxb4 45. Ra8+ Ke7 46. Ra7 Rb1+ 47. Kd2 Rf1 48. Rxb7+ Kf6 49. g5+ Kg7 50. Be2 Rf2 0-1

[Event "Geneve Bois Gentil op"]
[Site "Geneve"]
[Date "2019.01.18"]
[Round "2"]
[White "Brandt, Daniel"]
[Black "Schmid, Pablo"]
[Result "1/2-1/2"]
[WhiteElo "1785"]
[BlackElo "2180"]
[PlyCount "99"]
[EventDate "2019.01.11"]
[EventType "swiss"]
[EventRounds "7"]
[EventCountry "SUI"]
[SourceTitle "CBM 189 Extra"]
[Source "ChessBase"]
[SourceDate "2019.06.03"]
[SourceVersion "1"]
[SourceVersionDate "2019.06.03"]
[SourceQuality "1"]

1. c4 e5 2. g3 f5 3. Bg2 Nf6 4. Nc3 Be7 5. Nf3 d6 6. 0-0 0-0 7. b4 Qe8 8. Qb3 Qh5 9. c5+ Kh8 10. Nd5 Nxd5 11. Qxd5 Nc6 12. Rb1 Rf6 13. cxd6 cxd6 14. d3 Rg6 15. Ne1 Nd4 16. Bf3 Nxf3+ 17. Nxf3 Rb8 18. Bb2 Be6 19. Qa5 a6 20. Qc7 Re8 21. Qxb7 Rh6 22. Rbc1 Bf6 23. Rc7 Rg8 24. Rfc1 e4 25. Bxf6 gxf6 26. dxe4 fxe4 27. Qxe4 Bd5 28. Qf4 Bxf3 29. Qxf3 Qxh2+ 30. Kf1 Qh3+ 31. Qg2 Qg4 32. R7c4 Qe6 33. Qf3 Qh3+ 34. Qg2 Qf5 35. Qf3 Qe6 36. Kg2 Qh3+ 37. Kg1 Rhg6 38. Qh1 Qf5 39. Qf3 Qe6 40. Qe4 Qd7 41. Qc6 Qa7 42. Kg2 Qe7 43. Qf3 d5 44. Rc8 Qe5 45. Rxg8+ Kxg8 46. Rc8+ Kg7 47. Qe3 Qxe3 48. fxe3 Rg4 49. a3 d4 50. exd4 1/2-1/2